[Event "TUR-chT Clubs"]
[Site "Konya"]
[Date "2019.07.18"]
[Round "5.14"]
[White "Maden, Dogac Fevzi"]
[Black "Arslan, Hasan Bahadir"]
[Result "0-1"]
[WhiteElo "1357"]
[BlackElo "1377"]
[PlyCount "104"]
[EventDate "2019.07.16"]
[EventType "team-swiss"]
[EventRounds "9"]
[EventCountry "TUR"]
[SourceTitle "CBM 191 Extra"]
[Source "ChessBase"]
[SourceDate "2019.09.30"]
[SourceVersion "1"]
[SourceVersionDate "2019.09.30"]
[SourceQuality "1"]
[WhiteTeam "Mugla Buyuksehir"]
[BlackTeam "Gambit Dernegi"]
[WhiteTeamCountry "TUR"]
[BlackTeamCountry "TUR"]

1. e4 c5 2. Nc3 Nc6 3. f4 e6 4. Nf3 g6 5. d3 Bg7 6. Be3 b6 7. e5 d6 8. d4 Nxd4 9. Nxd4 cxd4 10. Bxd4 dxe5 11. Bxe5 Qxd1+ 12. Rxd1 Bxe5 13. Bb5+ Kf8 14. fxe5 Ne7 15. 0-0 Kg7 16. Ne4 a6 17. Bd7 Nf5 18. Nd6 Bxd7 19. Nxf5+ exf5 20. Rxd7 Rhd8 21. Rfd1 Rxd7 22. Rxd7 Re8 23. Rd6 Re6 24. Rxe6 fxe6 25. Kf2 Kf7 26. Ke3 Ke7 27. Kd4 Kd7 28. c4 Kc6 29. b4 b5 30. a3 bxc4 31. Kxc4 g5 32. a4 h5 33. Kd4 h4 34. g3 hxg3 35. hxg3 g4 36. Ke3 Kd5 37. Kf4 Kd4 38. b5 axb5 39. axb5 Kc5 40. Ke3 Kxb5 41. Kd4 Kb4 42. Kd3 Kc5 43. Ke3 Kd5 44. Kf4 Kd4 45. Kg5 Kxe5 46. Kh5 Kf6 47. Kh4 e5 48. Kh5 e4 49. Kh4 e3 50. Kh5 e2 51. Kh4 e1Q 52. Kh5 Qh1# 0-1

[Event "TUR-chT Clubs"]
[Site "Konya"]
[Date "2019.07.16"]
[Round "1.5"]
[White "Maden, Dogac Fevzi"]
[Black "Guner, Sati Emre"]
[Result "0-1"]
[WhiteElo "1357"]
[BlackElo "1912"]
[PlyCount "90"]
[EventDate "2019.07.16"]
[EventType "team-swiss"]
[EventRounds "9"]
[EventCountry "TUR"]
[SourceTitle "CBM 191 Extra"]
[Source "ChessBase"]
[SourceDate "2019.09.30"]
[SourceVersion "1"]
[SourceVersionDate "2019.09.30"]
[SourceQuality "1"]
[WhiteTeam "Mugla Buyuksehir"]
[BlackTeam "Goztepe Dernegi"]
[WhiteTeamCountry "TUR"]
[BlackTeamCountry "TUR"]

1. d4 d5 2. Nf3 Nf6 3. Bf4 c5 4. c3 Nc6 5. e3 Qb6 6. Qc2 Bg4 7. Nbd2 e6 8. h3 Bf5 9. Qb3 c4 10. Qxb6 axb6 11. Be2 b5 12. Nh4 Be4 13. f3 Bd3 14. Bxd3 cxd3 15. g4 Nd7 16. e4 Be7 17. Ng2 0-0 18. 0-0 b4 19. Ne1 bxc3 20. bxc3 dxe4 21. fxe4 e5 22. dxe5 Ndxe5 23. Ndf3 Bf6 24. Nxe5 Bxe5 25. Bxe5 Nxe5 26. Rd1 Rfd8 27. Nf3 Nc4 28. Rf2 Ra3 29. Nd2 Ne5 30. Nb3 Rc8 31. Rc1 Ra4 32. Nd2 Rxa2 33. Nf3 Rxf2 34. Kxf2 Nxf3 35. Kxf3 d2 36. Rd1 Rxc3+ 37. Kg2 Rd3 38. h4 Kf8 39. Kf2 Ke7 40. Ke2 Rd7 41. g5 Ke6 42. h5 Ke5 43. Ke3 b5 44. Rxd2 Rxd2 45. Kxd2 Kxe4 0-1